000 00450nam a2200157 a 4500
001 000026004
005 20200930024224.0
008 110225s2007 dr bc 000 0 spa d
040 _aDO-SdBNP
_bspa
_cBNPHU
082 _axxx
110 1 _aPartido de la Liberación Dominicana
_9284
245 1 0 _aPrograma de gobierno 2008-2012.
260 _aSanto Domingo :
_bAlfa y Omega,
_c[2007?].
300 _a135 p. :
_bretrs. ; map. ;
_c28 cm.
049 _aBNPD
999 _c25496
_d25496